000 00434nam a2200181Ia 4500
003 OSt
005 20260509123425.0
008 250729s2012 xx 000 0 und d
040 _cAL
041 _aeng
082 _a900.7 DHAT
100 _aDr.Dharmendra Kumar
_9231495
245 _aTeaching of Social Studies
260 _aMeerut
_bR Lall Book Depot
_c2012
300 _a241p
650 _aHistory
_9231496
942 _2ddc
_cBED
999 _c239310
_d239310